| 000 | 01485cam a22003618a 4500 | ||
|---|---|---|---|
| 001 | 16166714 | ||
| 003 | OSt | ||
| 005 | 20150408114154.0 | ||
| 008 | 100331s2010 ilu b 001 0 eng c | ||
| 010 | _a 2010013703 | ||
| 020 | _a9780226902029 (cloth : alk. paper) | ||
| 020 | _a9780226902043 (pbk. : alk. paper) | ||
| 020 | _a0226902021 (cloth : alk. paper) | ||
| 020 | _a0226902048 (pbk. : alk. paper) | ||
| 040 |
_aICU/DLC _cDLC |
||
| 042 | _apcc | ||
| 050 | 0 | 0 |
_aQ175.32.K46 _bW56 2010 |
| 082 | 0 | 0 |
_a507.2 _222 _bWES |
| 100 | 1 |
_aWinsberg, Eric B. _940351 |
|
| 245 | 1 | 0 |
_aScience in the age of computer simulation / _cEric B. Winsberg. |
| 260 |
_aChicago : _bThe University of Chicago Press, _c2010. |
||
| 300 |
_axi, 152 p. ; _c24 cm. |
||
| 504 | _aIncludes bibliographical references (p. 139-145) and index. | ||
| 505 | 0 | _aIntroduction -- Sanctioning models : theories and their scope -- Methodology for a virtual world -- A tale of two methods -- When theories shake hands -- Models of climate : values and uncertainties -- Reliability without truth -- Conclusion. | |
| 650 | 0 |
_aScience _xData processing _xPhilosophy. _940352 |
|
| 650 | 0 |
_aKnowledge, Theory of. _913962 |
|
| 650 | 0 |
_aScience _xExperiments _xComputer simulation. _940353 |
|
| 650 | 0 |
_aScience _xMethodology. _910586 |
|
| 650 | 0 |
_aScience _xPhilosophy. _940354 |
|
| 906 |
_a7 _bcbc _corignew _d1 _eecip _f20 _gy-gencatlg |
||
| 942 |
_2ddc _cDVD |
||
| 999 |
_c32293 _d266793 |
||